Govt. of
Madhya Pradesh

NGOs, Civil Society and Global future (Record no. 8188)

MARC details
000 -LEADER
fixed length control field 002840000a22001330004500
003 - CONTROL NUMBER IDENTIFIER
control field MACL
040 ## - CATALOGING SOURCE
Original cataloging agency MACL
090 ## - LOCALLY ASSIGNED LC-TYPE CALL NUMBER (OCLC); LOCAL CALL NUMBER (RLIN)
-- 8238
-- 8237
100 ## - MAIN ENTRY--PERSONAL NAME
Personal name Pruthi, Dr, R K
245 ## - TITLE STATEMENT
Title NGOs, Civil Society and Global future
260 ## - PUBLICATION, DISTRIBUTION, ETC. (IMPRINT)
Name of publisher, distributor, etc. Raj Publications
Date of publication, distribution, etc. 2008
350 ## - PRICE (NR) (BK AM CF MU VM SE) [OBSOLETE]
Price 825
942 ## - ADDED ENTRY ELEMENTS (KOHA)
Koha item type Library Membar

No items available.